| 000 | 00587nam a2200133Ia 4500 | ||
|---|---|---|---|
| 008 | 230907s9999||||xx |||||||||||||| ||und|| | ||
| 082 |
_a823.914 _bROW |
||
| 100 |
_aRowling, J. K. _911309 |
||
| 245 | 0 | _aHarry Potter and the Order of the Phoenix / | |
| 260 |
_aBloomsbury, _bLondon : _c2014 |
||
| 300 | _a766 pages ; | ||
| 650 |
_aJuvenile fiction. English Literature Juvenile fiction. Juvenile fiction. Juvenile fiction. Juvenile fiction. Juvenile fiction. Juvenile fiction. Juvenile fiction. Juvenile fiction. Juvenile fiction. Juvenile fiction. Juvenile fiction. _9115829 |
||
| 942 | _cBK | ||
| 999 |
_c599816 _d599816 |
||